The science of evil : (Record no. 10)

MARC details
000 -LEADER
fixed length control field 01186cam a2200301 a 4500
005 - DATE AND TIME OF LATEST TRANSACTION
control field 20260322212002.0
008 - FIXED-LENGTH DATA ELEMENTS--GENERAL INFORMATION
fixed length control field data
010 ## - LIBRARY OF CONGRESS CONTROL NUMBER
LC control number 2010043828
020 ## - INTERNATIONAL STANDARD BOOK NUMBER
International Standard Book Number 9780465023530 (alk. paper)
020 ## - INTERNATIONAL STANDARD BOOK NUMBER
International Standard Book Number 0465023533
040 ## - CATALOGING SOURCE
Original cataloging agency DLC
Transcribing agency DLC
Modifying agency DLC
042 ## - AUTHENTICATION CODE
Authentication code pcc
050 00 - LIBRARY OF CONGRESS CALL NUMBER
Classification number BF575.E55
Item number B37 2011
082 00 - DEWEY DECIMAL CLASSIFICATION NUMBER
Classification number 152.4/1
Edition information 22
096 ## - LOCALLY ASSIGNED NLM-TYPE CALL NUMBER (OCLC)
Classification number WM 140 B37 2011
001 - CONTROL NUMBER
control field data
100 1# - MAIN ENTRY--PERSONAL NAME
Personal name Baron-Cohen, Simon.
245 14 - TITLE STATEMENT
Title The science of evil :
Remainder of title on empathy and the origins of cruelty /
Statement of responsibility, etc. Simon Baron-Cohen.
260 ## - PUBLICATION, DISTRIBUTION, ETC.
Place of publication, distribution, etc. New York :
Name of publisher, distributor, etc. Basic Books,
Date of publication, distribution, etc. c2011.
300 ## - PHYSICAL DESCRIPTION
Extent xii, 240 p. :
Other physical details ill. ;
Dimensions 22 cm.
504 ## - BIBLIOGRAPHY, ETC. NOTE
Bibliography, etc. note Includes bibliographical references and index.
505 0# - FORMATTED CONTENTS NOTE
Formatted contents note Explaining "evil" and cruelty -- The empathy mechanism: the bell curve -- When zero degrees is negative -- When zero degrees is positive -- The empathy gene -- Reflections on human cruelty.
650 #0 - SUBJECT ADDED ENTRY--TOPICAL TERM
Topical term or geographic name entry element Empathy.
650 #0 - SUBJECT ADDED ENTRY--TOPICAL TERM
Topical term or geographic name entry element Cruelty.
906 ## - LOCAL DATA ELEMENT F, LDF (RLIN)
a 7
b cbc
c orignew
d 1
e ecip
f 20
g y-gencatlg
925 0# -
-- acquire
-- 2 shelf copies
-- policy default
955 ## - COPY-LEVEL INFORMATION (RLIN)
-- rd03 2010-10-18
-- rf10 2011-06-25 Cip Ver. to BCCD
-- xg22 2011-07-26 copy 2 added
Holdings
Withdrawn status Lost status Damaged status Not for loan Home library Current library Shelving location Date acquired Total checkouts Full call number Barcode Date last seen Price effective from Koha item type
        Centerville Centerville General stacks 22/03/2026   152.4/1 22 BC0010010 22/03/2026 22/03/2026 Books